Catholic universities in church and society : (Record no. 121574)
[ view plain ]
| 000 -LEADER | |
|---|---|
| fixed length control field | 01330cam a2200301 a 4500 |
| 001 - CONTROL NUMBER | |
| control field | 1579005 |
| 003 - CONTROL NUMBER IDENTIFIER | |
| control field | ARRUPE |
| 005 - DATE AND TIME OF LATEST TRANSACTION | |
| control field | 20150109142818.0 |
| 008 - FIXED-LENGTH DATA ELEMENTS--GENERAL INFORMATION | |
| fixed length control field | 930524s1993 dcu b 100 0 eng |
| 010 ## - LIBRARY OF CONGRESS CONTROL NUMBER | |
| LC control number | 93022154 |
| 020 ## - INTERNATIONAL STANDARD BOOK NUMBER | |
| International Standard Book Number | 0878405445 (acidfree paper) |
| 040 ## - CATALOGING SOURCE | |
| Original cataloging agency | DLC |
| Transcribing agency | DLC |
| Modifying agency | DLC |
| 050 00 - LIBRARY OF CONGRESS CALL NUMBER | |
| Classification number | KBU3054 |
| Item number | .C38 1993 |
| 082 00 - DEWEY DECIMAL CLASSIFICATION NUMBER | |
| Classification number | 377/.82 |
| Edition number | 20 |
| 300 ## - PHYSICAL DESCRIPTION | |
| Dimensions | 23 cm. |
| 245 00 - TITLE STATEMENT | |
| Title | Catholic universities in church and society : |
| Remainder of title | a dialogue on Ex corde ecclesiae / |
| Statement of responsibility, etc | edited by John P. Langan ; foreword by Leo J. Donovan. |
| 260 ## - PUBLICATION, DISTRIBUTION, ETC. (IMPRINT) | |
| Place of publication, distribution, etc | Washington, D.C. : |
| Name of publisher, distributor, etc | Georgetown University Press, |
| Date of publication, distribution, etc | c1993. |
| 300 ## - PHYSICAL DESCRIPTION | |
| Extent | ix, 261 p. ; |
| 500 ## - GENERAL NOTE | |
| General note | Papers from a symposium held at Georgetown University in April 1993. |
| 504 ## - BIBLIOGRAPHY, ETC. NOTE | |
| Bibliography, etc | Includes bibliographical references. |
| 610 20 - SUBJECT ADDED ENTRY--CORPORATE NAME | |
| Corporate name or jurisdiction name as entry element | Catholic Church. |
| Subordinate unit | Pope (1978-2005 : John Paul II). |
| Title of a work | Ex corde ecclesiae |
| General subdivision | Congresses. |
| 9 (RLIN) | 13686 |
| 650 #0 - SUBJECT ADDED ENTRY--TOPICAL TERM | |
| Topical term or geographic name as entry element | Universities and colleges (Canon law) |
| General subdivision | Congresses. |
| 9 (RLIN) | 13687 |
| 650 #0 - SUBJECT ADDED ENTRY--TOPICAL TERM | |
| Topical term or geographic name as entry element | Christian education (Canon law) |
| General subdivision | Congresses. |
| 9 (RLIN) | 13688 |
| 650 #0 - SUBJECT ADDED ENTRY--TOPICAL TERM | |
| Topical term or geographic name as entry element | Catholic universities and colleges |
| Geographic subdivision | United States |
| Form subdivision | Congresses. |
| 9 (RLIN) | 13689 |
| 700 1# - ADDED ENTRY--PERSONAL NAME | |
| Personal name | Langan, John, |
| Dates associated with a name | 1940- |
| 9 (RLIN) | 13690 |
| 906 ## - LOCAL DATA ELEMENT F, LDF (RLIN) | |
| a | 7 |
| b | cbc |
| c | orignew |
| d | 1 |
| e | ocip |
| f | 19 |
| g | y-gencatlg |
| 942 ## - ADDED ENTRY ELEMENTS (KOHA) | |
| Source of classification or shelving scheme | Library of Congress Classification |
| Koha item type | Monograph ( Printed materials) |
| Withdrawn status | Lost status | Source of classification or shelving scheme | Damaged status | Not for loan | Collection code | Home library | Current library | Shelving location | Date acquired | Total Checkouts | Full call number | Barcode | Date last seen | Price effective from | Koha item type |
|---|---|---|---|---|---|---|---|---|---|---|---|---|---|---|---|
| Library of Congress Classification | Main Collection | ARRUPE LIBRARY | ARRUPE LIBRARY | Main Collection | 09/01/2015 | BX870 1978 E8 C38 1993 | 46500003363 | 22/11/2017 | 09/01/2015 | Monograph ( Printed materials) |